000 01175nac a22003377a 4500
001 BR0405951
003 BR-BrBNA
005 20240105123059.0
008 230509b bl.|||m| |||| 00| 0 por d
040 _aBR-BrBNA
_bpor
_cBiblioteca Nacional de Agricultura
072 _aE70
090 _aE70 BR0405951
100 1 _aSilva, M.C.
100 1 _aBarni, E.J.
100 1 _aTrevisan, I.
110 1 _aEmpresa de Pesquisa Agropecuária e Extensão Rural de Santa Catarina S.A., Florianópolis (Brasil)
245 1 _aHábitos de consumo e preferências alimentares de consumidores de produtos orgânicos - legumes e verduras
260 3 _aFlorianópolis, SC (Brasil):
_c2004.
300 _a40 p.
490 _aDocumentos - Empresa de Pesquisa Agropecuária e Extensão Rural de Santa Catarina S.A. (Brazil)
_vno. 214
_xISSN 0100-8986
500 _a31 tables; 15 ref.
650 _aLEGUME
650 _aHORTALIÇA FOLHOSA
650 _aHÁBITO ALIMENTAR
650 _aNUTRIÇÃO HUMANA
650 _aCONSUMO
650 _aAGRICULTURA ORGÂNICA
650 _aPESQUISA DE MERCADO
909 _a202312
_bLúcia Elande
_c55
_dLúcia Elande
942 _2AGRIS
_n0
_cMS
999 _c293904
_d293904